Movies Quiz

Random Movies or Letter Quiz

Disney Characters A-Z: L Quiz Stats

 Plays Quiz not verified by Sporcle

Challenge
Share
Tweet
Embed
Score 0/21 Timer 08:00
0 Plays Today
Movie Character % Correct
Lady and the TrampLady
95.4%
Lilo and StitchLilo
81.3%
Beauty and the BeastLumière
73.5%
CinderellaLady Tremaine
62.3%
Beauty and the BeastLe Fou
59.5%
CinderellaLucifer
59.1%
Robin HoodLittle John
58.5%
MulanLing
58.1%
101 DalmatiansLucky
53.8%
The Princess and the FrogLouis
53.4%
Meet the RobinsonsLewis
47.7%
Movie Character % Correct
The Hunchback of Notre DameLaverne
46.8%
Robin HoodLady Kluck
45.3%
Mickey MouseLouie
44.4%
The Princess and the FrogLawrence
32.9%
The RescuersLuke
30.3%
Home on the RangeLucky Jack
26.2%
Meet the RobinsonsLucille
23.5%
Meet the RobinsonsLefty
21.6%
Meet the RobinsonsLizzy
19.7%
Mickey MouseLudwig Von Drake
18.6%

You're not logged in!

Compare scores with friends on all Sporcle quizzes.
Join for Free
OR
Log In

You Might Also Like...

Show Comments

Extras

Top Quizzes Today


Score Distribution

Your Account Isn't Verified!

In order to create a playlist on Sporcle, you need to verify the email address you used during registration. Go to your Sporcle Settings to finish the process.

Report this User

Report this user for behavior that violates our Community Guidelines.

Details: